| 000 | 00816cam a2200289 4500 | ||
|---|---|---|---|
| 001 | M2063 | ||
| 008 | 090401t1996 xxu||||| |||| 00| 0 eng d | ||
| 035 | _a(Sirsi) u36291 | ||
| 041 | _aeng | ||
| 050 | _a338.181 | ||
| 090 | _aRICS1996/20ABCD | ||
| 110 |
_aRoyal Institution of Chartered Surveyors _94900 |
||
| 245 | _aCAP reform : achieving best land use in rural Europe. | ||
| 260 |
_aLondon _bRICS _c1996 |
||
| 300 | _a6p. ; 30cm. | ||
| 350 | _a0 | ||
| 490 |
_aRICS Memorandum _vPU/Report(96)15 |
||
| 520 | _aA policy paper by the RICS Policy Unit. Working party led by Jim Ward. | ||
| 650 | _aCAP REFORM | ||
| 650 | _aCAP | ||
| 650 | _aCOMMON AGRICULTURAL POLICY | ||
| 650 |
_aLand use _96251 |
||
| 690 | _aRURAL PRACTICE | ||
| 700 |
_aWard, Jim _xChairman |
||
| 942 | _n0 | ||
| 948 | _c04/03/1997 | ||
| 999 |
_c90242 _d90242 |
||